India and the west (Record no. 19990)

MARC details
000 -LEADER
fixed length control field 00244nam a2200109Ia 4500
082 ## - DEWEY DECIMAL CLASSIFICATION NUMBER
Classification number 954
Item number WAR
100 ## - MAIN ENTRY--AUTHOR NAME
Personal name B
245 #0 - TITLE STATEMENT
Title India and the west
260 ## - PUBLICATION, DISTRIBUTION, ETC. (IMPRINT)
Place of publication London
Name of publisher Hamilton
Year of publication 1961
942 ## - ADDED ENTRY ELEMENTS (KOHA)
Koha item type Books
Holdings
Withdrawn status Lost status Damaged status Not for loan Home library Current library Date acquired Full call number Accession Number Koha item type
        RRII Library RRII Library 16/12/2021 954 WAR 00718 Books